000 00422nam a2200169 a 4500
001 0000-8962
003 ELIB.Books
008 110520 1959
035 _a(ELIB.Books)0000-9111
082 _a268.422
_bWon
100 _aWonderly Gustara
245 _aTraining Children
260 _bChicago; Moody Press
_c1959
650 _aChristian Education
942 _2ddc
_cBK
998 _cbat
_e2011-05-20
999 _c8962
_d8962